[Event "Heusenstamm Schloss op"]
[Site "Heusenstamm"]
[Date "2023.11.25"]
[Round "5"]
[White "Roess, Jonas"]
[Black "Armbrust, Matthias"]
[Result "1/2-1/2"]
[WhiteElo "1588"]
[BlackElo "1838"]
[PlyCount "91"]
[EventDate "2023.11.23"]
[EventType "swiss"]
[EventRounds "7"]
[EventCountry "GER"]
[SourceTitle "CB50_2023"]
[SourceDate "2023.12.13"]
[SourceVersion "1"]
[SourceVersionDate "2023.12.13"]
[SourceQuality "1"]

1. e4 c5 2. Nf3 d6 3. d4 cxd4 4. Nxd4 Nf6 5. Nc3 Nc6 6. f3 e5 7. Nb3 Be6 8. Nd5 Be7 9. Be3 0-0 10. g4 Bxd5 11. exd5 Na5 12. Qd2 Nxb3 13. axb3 a6 14. c4 Nd7 15. Bd3 Bh4+ 16. Ke2 Re8 17. Bc2 Nf8 18. Rag1 Ng6 19. Kd1 Nf4 20. Be4 b5 21. Bxf4 exf4 22. Qxf4 Bg5 23. Qg3 Qa5 24. Qe1 Qa2 25. Qc3 bxc4 26. bxc4 Rac8 27. b3 Rb8 28. Qc2 Qa1+ 29. Ke2 Qd4 30. Rd1 Qe3+ 31. Kf1 Rxb3 32. Re1 Qb6 33. Bxh7+ Kf8 34. Rxe8+ Kxe8 35. Qe2+ Kd8 36. Kg2 Re3 37. Qf2 Qb3 38. f4 Bf6 39. Rb1 Qc3 40. Bc2 Qa3 41. Re1 Rxe1 42. Qxe1 Qb2 43. Qa5+ Kd7 44. Qd2 Kd8 45. Qa5+ Kd7 46. Qd2 1/2-1/2

[Event "Heusenstamm Schloss op"]
[Site "Heusenstamm"]
[Date "2023.11.24"]
[Round "2"]
[White "Armbrust, Matthias"]
[Black "Rotermund, Verena"]
[Result "1/2-1/2"]
[WhiteElo "1838"]
[BlackElo "1581"]
[PlyCount "179"]
[EventDate "2023.11.23"]
[EventType "swiss"]
[EventRounds "7"]
[EventCountry "GER"]
[SourceTitle "CB50_2023"]
[SourceDate "2023.12.13"]
[SourceVersion "1"]
[SourceVersionDate "2023.12.13"]
[SourceQuality "1"]

1. e4 e6 2. d4 d5 3. Nd2 Nf6 4. e5 Nfd7 5. Bd3 c5 6. c3 Nc6 7. Ne2 Be7 8. Nf3 0-0 9. 0-0 cxd4 10. cxd4 f6 11. Nf4 Ndxe5 12. dxe5 fxe5 13. Nxe5 Nxe5 14. Bxh7+ Kxh7 15. Qh5+ Kg8 16. Qxe5 Bd6 17. Qd4 Qc7 18. g3 Qf7 19. Qd3 Bd7 20. Bd2 Bc6 21. Nh3 Qf5 22. Qxf5 Rxf5 23. Rfe1 e5 24. a3 Bc5 25. Rac1 Bb6 26. g4 Rf3 27. Kg2 Rd3 28. Bb4 a5 29. Bd6 d4+ 30. f3 Bxf3+ 31. Kg1 e4 32. Nf2 Rd2 33. Nxe4 Rg2+ 34. Kf1 Rxg4 35. Nf2 Rg6 36. Bc5 Bg2+ 37. Ke2 Re8+ 38. Kd2 Rxe1 39. Kxe1 Rc6 40. b4 axb4 41. axb4 Bc7 42. Ra1 Bxh2 43. Bxd4 Bg3 44. Ra3 Re6+ 45. Kd2 Bh4 46. Nd3 Bg5+ 47. Kc3 Rc6+ 48. Kb3 Bd5+ 49. Kb2 Be4 50. Ra8+ Kh7 51. Ne5 Bc1+ 52. Ka1 Ra6+ 53. Rxa6 bxa6 54. Nd7 Bd3 55. Bc3 g5 56. Ne5 Bb5 57. Kb1 Bf4 58. Kc2 Kh6 59. Kd1 Kh5 60. Ke1 Bg3+ 61. Kd2 Kh4 62. Bd4 g4 63. Ke3 Kh3 64. Ke4 Bxe5 65. Kxe5 Kh2 66. Be3 g3 67. Kd4 g2 68. Kc3 g1Q 69. Bxg1+ Kxg1 70. Kb2 Kf2 71. Ka1 Ke3 72. Kb2 Kd3 73. Ka1 Kc4 74. Ka2 Kxb4 75. Ka1 Ka3 76. Kb1 Kb4 77. Ka1 Bd3 78. Kb2 a5 79. Ka1 Kc3 80. Ka2 Kc2 81. Ka1 a4 82. Ka2 Bc4+ 83. Ka1 Kb3 84. Kb1 a3 85. Ka1 Kb4 86. Kb1 a2+ 87. Ka1 Kc5 88. Kb2 Kd4 89. Ka1 Kd3 90. Kb2 1/2-1/2

[Event "Heusenstamm Schloss op"]
[Site "Heusenstamm"]
[Date "2023.11.23"]
[Round "1"]
[White "Wolf, Ulrich Martin"]
[Black "Armbrust, Matthias"]
[Result "1-0"]
[WhiteElo "2203"]
[BlackElo "1838"]
[PlyCount "77"]
[EventDate "2023.11.23"]
[EventType "swiss"]
[EventRounds "7"]
[EventCountry "GER"]
[SourceTitle "CB48_2023"]
[SourceDate "2023.11.29"]
[SourceVersion "1"]
[SourceVersionDate "2023.11.29"]
[SourceQuality "1"]

1. d4 g6 2. Nf3 Bg7 3. c3 d6 4. e4 Nc6 5. Qc2 e5 6. dxe5 dxe5 7. b3 Nge7 8. Nbd2 0-0 9. a4 h6 10. Ba3 Be6 11. Rd1 Qe8 12. Bc4 Bxc4 13. Nxc4 f6 14. 0-0 Rf7 15. Rd2 Rd8 16. Rfd1 Nc8 17. Rxd8 Nxd8 18. Qd2 Ne6 19. Qd5 c6 20. Qd2 Bf8 21. b4 Kh7 22. Bc1 Bg7 23. g3 Bf8 24. Qd3 Nb6 25. Nxb6 axb6 26. Be3 c5 27. b5 Rc7 28. Qd5 Rf7 29. Ne1 Rc7 30. Nc2 Qf7 31. Na3 Rc8 32. Qd7 Qxd7 33. Rxd7+ Kg8 34. Nc4 Rb8 35. Nxb6 f5 36. Nd5 Bg7 37. exf5 gxf5 38. Ne7+ Kh7 39. Nxf5 1-0

[Event "Heusenstamm Sparkassen op-A 7th"]
[Site "Heusenstamm"]
[Date "2021.11.21"]
[Round "6.50"]
[White "Kuerschner, Matthias"]
[Black "Armbrust, Matthias"]
[Result "1-0"]
[WhiteElo "1978"]
[BlackElo "1833"]
[PlyCount "83"]
[EventDate "2021.11.18"]
[EventType "swiss"]
[EventRounds "7"]
[EventCountry "GER"]
[SourceTitle "EXT 2023"]
[Source "ChessBase"]
[SourceDate "2022.10.05"]
[SourceVersion "1"]
[SourceVersionDate "2022.10.05"]
[SourceQuality "1"]

1. e4 c5 2. c4 Nc6 3. Ne2 d6 4. d4 cxd4 5. Nxd4 Nf6 6. Nc3 g6 7. Be2 Bg7 8. Be3 Qa5 9. 0-0 0-0 10. Rb1 a6 11. f3 Bd7 12. Nb3 Qd8 13. Qd2 Ne5 14. Nd4 Qc7 15. b3 Rfc8 16. Rfc1 Qd8 17. Bf1 Rab8 18. Rc2 Nc6 19. Rcc1 Ne5 20. Kh1 Kh8 21. Bg5 Bc6 22. Nd5 Bxd5 23. cxd5 Qb6 24. Be3 Qd8 25. a4 Nfd7 26. a5 Rc7 27. Rxc7 Qxc7 28. Rc1 Qd8 29. h3 Nf8 30. Qc3 Ned7 31. Qc7 Qe8 32. b4 Be5 33. f4 Bg7 34. Nf3 Nf6 35. Bd3 N8d7 36. Ba7 Rd8 37. Qxb7 e6 38. dxe6 fxe6 39. Qxa6 d5 40. Ng5 Nxe4 41. Bxe4 dxe4 42. Qxe6 1-0

[Event "GER-ch Net blitz qual4"]
[Site "Playchess.com INT"]
[Date "2020.03.23"]
[Round "6"]
[White "Armbrust, Matthias"]
[Black "Kosovska, Olena"]
[Result "1-0"]
[WhiteElo "1834"]
[BlackElo "1881"]
[PlyCount "51"]
[EventDate "2020.03.23"]
[EventType "swiss (blitz)"]
[EventRounds "9"]
[EventCountry "GER"]
[SourceTitle "CBM 195 Extra"]
[Source "ChessBase"]
[SourceDate "2020.05.31"]
[SourceVersion "1"]
[SourceVersionDate "2020.05.31"]
[SourceQuality "1"]

1. e4 c5 2. Nc3 Nc6 3. g3 d6 4. Bg2 Nf6 5. d3 e5 6. f4 Be7 7. Nf3 0-0 8. 0-0 Bd7 9. f5 Rc8 10. h3 a6 11. g4 b5 12. Ne2 Nd4 13. Ng3 Bc6 14. g5 Ne8 15. h4 Nxf3+ 16. Qxf3 d5 17. Qg4 dxe4 18. dxe4 Qd4+ 19. Kh1 g6 20. fxg6 fxg6 21. Rxf8+ Bxf8 22. Qxc8 Bd7 23. Qb7 Qd1+ 24. Kh2 Bg4 25. Qd5+ Kh8 26. Qxd1 1-0

[Event "GER-ch Net blitz qual2"]
[Site "Playchess.com INT"]
[Date "2020.03.16"]
[Round "8"]
[White "Armbrust, Matthias"]
[Black "Hagenbeck Huebert, Hartmut"]
[Result "0-1"]
[WhiteElo "1834"]
[BlackElo "1620"]
[PlyCount "72"]
[EventDate "2020.03.16"]
[EventType "swiss (blitz)"]
[EventRounds "9"]
[EventCountry "GER"]
[SourceTitle "CBM 195 Extra"]
[Source "ChessBase"]
[SourceDate "2020.05.31"]
[SourceVersion "1"]
[SourceVersionDate "2020.05.31"]
[SourceQuality "1"]

1. e4 e5 2. Nf3 Nc6 3. Bb5 Nge7 4. 0-0 g6 5. d4 exd4 6. Nxd4 Bg7 7. Nxc6 Nxc6 8. Bxc6 bxc6 9. Nc3 0-0 10. f4 d6 11. f5 d5 12. exd5 cxd5 13. Qxd5 Bxf5 14. Be3 a6 15. Bc5 Re8 16. Qc6 Rb8 17. Nd5 Bd7 18. Qxa6 Bb5 19. Nf6+ Kh8 20. Nxe8 Bxa6 21. Nxg7 Kxg7 22. Rfd1 Qg5 23. Bd4+ Kg8 24. Bc3 Bb7 25. Rd2 Kf8 26. Rad1 Bc6 27. a3 f6 28. Bb4+ Kf7 29. Rf2 Rb5 30. Re2 Re5 31. Rf2 Rf5 32. Re2 Re5 33. Rf2 Qe3 34. Kf1 Rf5 35. Rdd2 Rxf2+ 36. Rxf2 Qc1+ 0-1

[Event "Heusenstamm Sparkassen op-A 5th"]
[Site "Heusenstamm"]
[Date "2018.11.23"]
[Round "3"]
[White "Olesiak, Marcin"]
[Black "Armbrust, Matthias"]
[Result "1-0"]
[WhiteElo "2043"]
[BlackElo "1830"]
[PlyCount "69"]
[EventDate "2018.11.22"]
[EventType "swiss"]
[EventRounds "7"]
[EventCountry "GER"]
[SourceTitle "CBM 188 Extra"]
[Source "ChessBase"]
[SourceDate "2019.02.26"]
[SourceVersion "1"]
[SourceVersionDate "2019.02.26"]
[SourceQuality "1"]

1. e4 c5 2. Nc3 d6 3. f4 Nc6 4. Nf3 g6 5. Bb5 Bg7 6. Bxc6+ bxc6 7. 0-0 e6 8. d3 Ne7 9. Qe1 d5 10. e5 0-0 11. Na4 Nf5 12. Nxc5 Qb6 13. Qf2 d4 14. Na4 Qa5 15. b3 Rd8 16. Bd2 Qd5 17. Ng5 Bb7 18. Ne4 Rdb8 19. Nac5 Qd8 20. g4 Ne3 21. Bxe3 dxe3 22. Qxe3 Qe7 23. Rae1 Rd8 24. d4 Bc8 25. c3 Rb8 26. Re2 Qh4 27. Rg2 Qe7 28. Qg3 Qf8 29. Kh1 Kh8 30. h4 Re8 31. g5 Qe7 32. h5 gxh5 33. Rh2 Qf8 34. Rxh5 Qg8 35. Kg2 1-0

[Event "Heusenstamm Sparkassen op-A 5th"]
[Site "Heusenstamm"]
[Date "2018.11.22"]
[Round "1"]
[White "Armbrust, Matthias"]
[Black "Mueller, Werner7777"]
[Result "0-1"]
[WhiteElo "1830"]
[BlackElo "2089"]
[PlyCount "88"]
[EventDate "2018.11.22"]
[EventType "swiss"]
[EventRounds "7"]
[EventCountry "GER"]
[SourceTitle "CBM 188 Extra"]
[Source "ChessBase"]
[SourceDate "2019.02.26"]
[SourceVersion "1"]
[SourceVersionDate "2019.02.26"]
[SourceQuality "1"]

1. e4 c5 2. Nc3 d6 3. g3 g6 4. Bg2 Nc6 5. d3 Bg7 6. f4 e5 7. Nf3 Nge7 8. 0-0 0-0 9. Kh1 Nd4 10. fxe5 dxe5 11. Bg5 f6 12. Be3 Be6 13. Qd2 Qd7 14. Rac1 b6 15. Bh6 Rad8 16. Rf2 b5 17. a3 b4 18. axb4 cxb4 19. Ne2 Nxe2 20. Rxe2 a5 21. Be3 Nc6 22. Ra1 Bg4 23. Ree1 f5 24. Bc5 Rfe8 25. exf5 Bxf5 26. Qf2 e4 27. dxe4 Bxe4 28. Bb6 Bxb2 29. Rab1 Bc3 30. Rxe4 Rxe4 31. Bxd8 Nxd8 32. Qc5 a4 33. Ng5 Ne6 34. Nxe6 Qxe6 35. Rf1 Bg7 36. h3 a3 37. Bxe4 Qxe4+ 38. Kh2 h5 39. Rf4 Qe6 40. c3 a2 41. Qa7 Bxc3 42. Qa8+ Kh7 43. Re4 Qxe4 44. Qxe4 a1Q 0-1

[Event "Eschborn op"]
[Site "Eschborn"]
[Date "2018.10.06"]
[Round "4"]
[White "Armbrust, Matthias"]
[Black "Farmani Anosheh, Yasha"]
[Result "0-1"]
[WhiteElo "1735"]
[BlackElo "2097"]
[PlyCount "62"]
[EventDate "2018.10.05"]
[EventType "swiss"]
[EventRounds "5"]
[EventCountry "GER"]
[SourceTitle "CBM 187 Extra"]
[Source "ChessBase"]
[SourceDate "2018.11.04"]
[SourceVersion "1"]
[SourceVersionDate "2018.11.04"]
[SourceQuality "1"]

1. e4 c5 2. Nc3 Nc6 3. g3 g6 4. Bg2 Bg7 5. d3 e6 6. f4 Nge7 7. Nf3 d5 8. 0-0 0-0 9. e5 Rb8 10. g4 b5 11. Ne2 f6 12. exf6 Bxf6 13. Ng3 Qc7 14. c3 b4 15. Ne2 bxc3 16. bxc3 Qa5 17. Bd2 Ba6 18. Ne1 Rb2 19. a4 Rfb8 20. Rf3 d4 21. Bc1 Rb1 22. Rxb1 Rxb1 23. Qc2 Ra1 24. Bd2 dxc3 25. Bc1 Nd4 26. Nxd4 Bxd4+ 27. Kh1 Qxa4 28. Qxa4 Rxa4 29. Nc2 Ra2 30. Nxd4 cxd4 31. Rf1 Bxd3 0-1

[Event "Eschborn op"]
[Site "Eschborn"]
[Date "2018.10.06"]
[Round "3"]
[White "Juhnke, Peter"]
[Black "Armbrust, Matthias"]
[Result "0-1"]
[WhiteElo "1743"]
[BlackElo "1735"]
[PlyCount "54"]
[EventDate "2018.10.05"]
[EventType "swiss"]
[EventRounds "5"]
[EventCountry "GER"]
[SourceTitle "CBM 187 Extra"]
[Source "ChessBase"]
[SourceDate "2018.11.04"]
[SourceVersion "1"]
[SourceVersionDate "2018.11.04"]
[SourceQuality "1"]

1. e4 c5 2. Nf3 d6 3. d4 cxd4 4. Nxd4 Nf6 5. Nc3 Nc6 6. Be2 e6 7. Be3 Be7 8. Qd2 Bd7 9. f4 0-0 10. 0-0 a6 11. a4 Rc8 12. f5 e5 13. Nb3 Nb4 14. g4 Bc6 15. Bf3 d5 16. exd5 Nfxd5 17. Nxd5 Bxd5 18. Bxd5 Qxd5 19. Rad1 Qxd2 20. Rxd2 Nxc2 21. Bb6 Bg5 22. Re2 Rc4 23. h3 Re8 24. Nc5 Be3+ 25. Rxe3 Nxe3 26. Rf3 Nd5 27. Nd7 Re7 0-1

[Event "Cologne Longerich op 8th"]
[Site "Cologne"]
[Date "2011.08.14"]
[Round "4"]
[White "Lambertz, Michael"]
[Black "Armbrust, Matthias"]
[Result "1-0"]
[WhiteElo "1971"]
[BlackElo "1768"]
[PlyCount "67"]
[EventDate "2011.08.12"]
[EventType "swiss"]
[EventRounds "5"]
[EventCountry "GER"]
[SourceTitle "CBM 144 Extra"]
[Source "ChessBase"]
[SourceDate "2011.10.28"]
[SourceVersion "1"]
[SourceVersionDate "2011.10.28"]
[SourceQuality "1"]

1. e4 c5 2. c3 d5 3. exd5 Qxd5 4. d4 Nf6 5. Nf3 Bg4 6. Be2 e6 7. 0-0 Nc6 8. h3 Bh5 9. Be3 cxd4 10. cxd4 Be7 11. Nc3 Qa5 12. a3 0-0 13. b4 Qd8 14. Qb3 Rc8 15. Rfd1 Bg6 16. d5 exd5 17. Nxd5 Nxd5 18. Rxd5 Qe8 19. Rad1 Rd8 20. Bb5 Be4 21. Rxd8 Bxd8 22. Bxa7 Bxf3 23. Qxf3 Qe6 24. Bc5 Re8 25. Qd5 Qxd5 26. Rxd5 Bc7 27. g3 Re1+ 28. Kg2 h6 29. Rd7 Be5 30. Bxc6 bxc6 31. Re7 f6 32. f4 Bc3 33. Rxe1 Bxe1 34. a4 1-0

[Event "Griesheim op"]
[Site "Griesheim"]
[Date "2011.05.??"]
[Round "4"]
[White "Armbrust, Matthias"]
[Black "Bauer, Bjoern Benny"]
[Result "1/2-1/2"]
[WhiteElo "1823"]
[BlackElo "1734"]
[PlyCount "81"]
[EventDate "2011.05.??"]
[EventType "swiss"]
[EventRounds "5"]
[EventCountry "GER"]
[SourceTitle "CBM 142 Extra"]
[Source "ChessBase"]
[SourceDate "2011.06.27"]
[SourceVersion "1"]
[SourceVersionDate "2011.06.27"]
[SourceQuality "1"]

1. e4 c5 2. Nc3 Nc6 3. g3 g6 4. Bg2 Bg7 5. d3 d6 6. f4 e6 7. Nf3 Nge7 8. 0-0 0-0 9. Be3 Nd4 10. e5 Nef5 11. Bf2 Nxf3+ 12. Qxf3 Nd4 13. Qd1 dxe5 14. fxe5 Bxe5 15. Ne4 f5 16. Nxc5 Qe7 17. Na4 Nc6 18. d4 Rd8 19. c3 Qc7 20. Nc5 Bd6 21. Nb3 Ne7 22. Qe2 f4 23. Bh3 fxg3 24. Bxe6+ Kh8 25. hxg3 Bxg3 26. Rae1 Nf5 27. d5 Bxf2+ 28. Rxf2 Re8 29. Qd2 Bxe6 30. Rxe6 Rxe6 31. dxe6 Rd8 32. Nd4 Qe5 33. Qg5 Rg8 34. Qg2 Nxd4 35. cxd4 Qxe6 36. Qxb7 Rc8 37. Qf3 Kg7 38. Qb7+ Kg8 39. Qf3 Kg7 40. Qb7+ Kh8 41. Qf3 1/2-1/2

[Event "Griesheim op"]
[Site "Griesheim"]
[Date "2011.05.??"]
[Round "3"]
[White "Armbrust, Matthias"]
[Black "Rosinus, Karl"]
[Result "1-0"]
[WhiteElo "1823"]
[BlackElo "1835"]
[PlyCount "33"]
[EventDate "2011.05.??"]
[EventType "swiss"]
[EventRounds "5"]
[EventCountry "GER"]
[SourceTitle "CBM 142 Extra"]
[Source "ChessBase"]
[SourceDate "2011.06.27"]
[SourceVersion "1"]
[SourceVersionDate "2011.06.27"]
[SourceQuality "1"]

1. e4 e5 2. Nf3 f5 3. Nxe5 Nf6 4. exf5 Qe7 5. Qe2 d6 6. Nf3 Qxe2+ 7. Bxe2 Bxf5 8. Bb5+ c6 9. Ba4 Nbd7 10. d4 0-0-0 11. 0-0 d5 12. Bg5 h6 13. Bh4 g5 14. Bg3 Nh5 15. Be5 Nxe5 16. Nxe5 Rh7 17. g4 1-0

[Event "Rhein Main op 13th"]
[Site "Bad Homburg"]
[Date "2010.06.03"]
[Round "2"]
[White "Armbrust, Matthias"]
[Black "Reuter, Klaus"]
[Result "1-0"]
[WhiteElo "1813"]
[BlackElo "1682"]
[PlyCount "83"]
[EventDate "2010.06.02"]
[EventType "swiss"]
[EventRounds "7"]
[EventCountry "GER"]
[SourceTitle "EXT 2011"]
[Source "ChessBase"]
[SourceDate "2010.11.26"]
[SourceVersion "1"]
[SourceVersionDate "2010.11.26"]
[SourceQuality "1"]

1. e4 e5 2. Nf3 Nc6 3. Bb5 Nf6 4. Bxc6 bxc6 5. 0-0 d6 6. d4 Be7 7. Nc3 Bg4 8. dxe5 dxe5 9. Qxd8+ Rxd8 10. Nxe5 Rd6 11. Bg5 Re6 12. Bxf6 gxf6 13. Nxg4 h5 14. Ne3 h4 15. h3 Rg8 16. Nf5 Bb4 17. Nxh4 Bxc3 18. bxc3 Rxe4 19. Rfe1 Re5 20. Rab1 Kd7 21. Rxe5 fxe5 22. Nf3 f6 23. h4 c5 24. g3 e4 25. Nd2 f5 26. Kg2 Kc6 27. h5 Rd8 28. Nb3 Rh8 29. Rh1 Kb5 30. f3 e3 31. Kf1 a5 32. h6 a4 33. Nc1 Kc4 34. Ne2 Rd8 35. Rh4+ Kb5 36. h7 Rd1+ 37. Kg2 Rd2 38. h8Q Rxe2+ 39. Kh3 Re1 40. Qe8+ Kb6 41. Rh6+ Ka5 42. Qa8+ 1-0